[Event "Chess.com Classic Div 1 W"]
[Site "chess.com INT"]
[Date "2024.05.12"]
[Round "3.4"]
[White "Keymer, Vincent"]
[Black "Carlsen, Magnus"]
[Result "0-1"]
[WhiteTitle "GM"]
[BlackTitle "GM"]
[WhiteElo "2726"]
[BlackElo "2830"]
[WhiteFideId "12940690"]
[BlackFideId "1503014"]
[EventDate "2024.05.10"]
[EventType "k.o."]

1. Nf3 d5 2. e3 Nf6 3. c4 e6 4. Nc3 dxc4 5. Bxc4 a6 6. e4 c5 7. d4 cxd4 8. Nxd4
Bd6 9. Be3 O-O 10. Rc1 b5 11. Bb3 Bb7 12. Bxe6 fxe6 13. Nxe6 Qe7 14. Nxf8 Kxf8
15. f3 Nbd7 16. Ne2 Ne5 17. O-O Rd8 18. Qc2 Rc8 19. Qb1 Nc4 20. Bd4 Bc5 21. Rfd1
Nxe4 22. b3 Ne3 23. fxe4 Nxd1 24. Rxd1 Bxe4 25. Qb2 Bb4 26. Rc1 Re8 27. Ng3 Kg8
28. Qf2 Bg6 29. h3 Bd6 30. Nf5 Qg5 31. Rf1 Rf8 32. Qe3 Qxe3+ 33. Nxe3 Rxf1+ 34.
Kxf1 Bb1 35. a4 Ba2 36. axb5 axb5 37. Bxg7 Bc5 38. Nf5 Bxb3 39. Bd4 Bf8 40. Kf2
Kf7 41. g4 Ke6 42. Ke3 Bc2 43. Ng7+ Kd5 44. Bb2 b4 45. Nh5 Kc4 46. Bg7 Bxg7 47.
Nxg7 Kc3 48. Ne6 b3 49. Nc7 b2 50. Nb5+ Kb4 0-1

[Event "Chess.com Classic Div 1 W"]
[Site "chess.com INT"]
[Date "2024.05.15"]
[Round "4.1"]
[White "Carlsen, Magnus"]
[Black "Firouzja, Alireza"]
[Result "1/2-1/2"]
[WhiteTitle "GM"]
[BlackTitle "GM"]
[WhiteElo "2830"]
[BlackElo "2738"]
[WhiteFideId "1503014"]
[BlackFideId "12573981"]
[EventDate "2024.05.10"]
[EventType "k.o."]

1. e4 e5 2. Nf3 Nc6 3. Bb5 a6 4. Ba4 Nf6 5. d3 d6 6. c3 g6 7. O-O Bg7 8. Re1 O-O
9. h3 h6 10. Be3 Re8 11. Nbd2 d5 12. Bxc6 bxc6 13. d4 dxe4 14. Nxe5 c5 15. Nb3
cxd4 16. cxd4 Bb7 17. Qd2 Bd5 18. Bxh6 Bxh6 19. Qxh6 Bxb3 20. axb3 Qxd4 21. Nxg6
fxg6 22. Qxg6+ Kh8 23. Red1 Qb6 24. Ra5 Nh7 25. Qh5 e3 26. fxe3 Qxe3+ 27. Kh1
Rad8 28. Rxd8 Rxd8 29. Rxa6 Qc1+ 30. Kh2 Qf4+ 31. Kg1 Rg8 32. Qe2 Qc1+ 33. Kh2
Qf4+ 34. Kg1 Qc1+ 35. Kh2 Qf4+ 36. Kg1 1/2-1/2

[Event "Chess.com Classic Div 1 W"]
[Site "chess.com INT"]
[Date "2024.05.15"]
[Round "4.2"]
[White "Firouzja, Alireza"]
[Black "Carlsen, Magnus"]
[Result "1/2-1/2"]
[WhiteTitle "GM"]
[BlackTitle "GM"]
[WhiteElo "2738"]
[BlackElo "2830"]
[WhiteFideId "12573981"]
[BlackFideId "1503014"]
[EventDate "2024.05.10"]
[EventType "k.o."]

1. d4 d5 2. Bf4 c5 3. e3 cxd4 4. exd4 Nc6 5. c3 f6 6. Nf3 g5 7. Bg3 Bf5 8. Nbd2
h5 9. h3 e6 10. Bb5 Bd6 11. O-O Ne7 12. Nb3 a6 13. Bd3 Bxg3 14. fxg3 Qd6 15. Qe2
Bxd3 16. Qxd3 b6 17. Nh2 f5 18. Rae1 g4 19. h4 Kd7 20. Rf2 Ng8 21. Rfe2 Nd8 22.
c4 dxc4 23. Qxc4 Nf6 24. Nf1 Re8 25. Qd3 Nc6 26. a3 Ne4 27. Kh2 Nc5 28. Nxc5+
bxc5 29. Ne3 Nxd4 30. Nc4 Qc7 31. Re5 Rad8 32. b4 Ke7 33. Qe3 cxb4 34. Qg5+ Kf8
35. axb4 Qg7 36. Qf4 Qf6 37. Rc5 Nc2 38. Rb1 Rd4 39. Ne5 Rxf4 40. Nd7+ Ke7 41.
Nxf6 Kxf6 42. gxf4 Ne3 43. Re1 g3+ 44. Kxg3 Rg8+ 45. Kf3 Nxg2 46. Rh1 Rg4 47.
Rc6 Nxh4+ 48. Ke2 Rxf4 49. Rb1 Re4+ 50. Kf2 Rf4+ 51. Ke2 Re4+ 52. Kf2 Rf4+ 53.
Ke2 1/2-1/2

[Event "Chess.com Classic Div 1 W"]
[Site "chess.com INT"]
[Date "2024.05.15"]
[Round "4.3"]
[White "Carlsen, Magnus"]
[Black "Firouzja, Alireza"]
[Result "1-0"]
[WhiteTitle "GM"]
[BlackTitle "GM"]
[WhiteElo "2830"]
[BlackElo "2738"]
[WhiteFideId "1503014"]
[BlackFideId "12573981"]
[EventDate "2024.05.10"]
[EventType "k.o."]

1. d4 Nf6 2. c4 e6 3. Nf3 d5 4. g3 Bb4+ 5. Bd2 Be7 6. Bg2 O-O 7. Qc2 Nbd7 8. O-O
c6 9. Rc1 a5 10. a3 b6 11. cxd5 cxd5 12. Bf4 Ba6 13. Nc3 Rc8 14. Qa4 Rc4 15. Qd1
b5 16. e3 Qb6 17. Bf1 Rc6 18. a4 b4 19. Nb5 Rfc8 20. Rxc6 Rxc6 21. Rc1 Ne8 22.
h4 h6 23. h5 Bb7 24. Nd2 Ndf6 25. Be2 Ne4 26. Nb3 Bd8 27. f3 Ng5 28. Kg2 Nf6 29.
Nc5 Nxh5 30. Bb8 Rc8 31. Nd7 Rxc1 32. Qxc1 Qc6 33. Qxc6 Bxc6 34. Ne5 Be8 35. f4
f6 36. Nd6 Bxa4 37. Bxh5 fxe5 38. fxg5 Bxg5 39. Bf7+ Kf8 40. Bxe6 exd4 41. exd4
Bc1 42. Bxd5 Bxb2 43. Ba7 Ke7 44. Bc5 Bc3 45. Ne4+ Kd7 46. Nxc3 bxc3 47. Kf2 Bc6
48. Bc4 c2 49. Ba3 g5 50. d5 Bb7 51. Ke3 h5 52. Kd4 h4 53. gxh4 gxh4 54. Bd3 Kd8
55. Bxc2 h3 56. Bd6 Ba6 57. Bf5 Bf1 58. Bg3 a4 59. d6 1-0

[Event "Chess.com Classic Div 1 W"]
[Site "chess.com INT"]
[Date "2024.05.15"]
[Round "4.4"]
[White "Firouzja, Alireza"]
[Black "Carlsen, Magnus"]
[Result "1-0"]
[WhiteTitle "GM"]
[BlackTitle "GM"]
[WhiteElo "2738"]
[BlackElo "2830"]
[WhiteFideId "12573981"]
[BlackFideId "1503014"]
[EventDate "2024.05.10"]
[EventType "k.o."]

1. d4 d5 2. c4 e6 3. Nc3 Nf6 4. cxd5 exd5 5. Bg5 c6 6. e3 Bf5 7. Nge2 h6 8. Bh4
Nbd7 9. f3 Be7 10. Bf2 Bh7 11. Ng3 Qb6 12. Qd2 O-O 13. Be2 Rfe8 14. e4 dxe4 15.
fxe4 c5 16. e5 cxd4 17. Bxd4 Bc5 18. Na4 Qc6 19. Nxc5 Nxc5 20. exf6 Rad8 21. O-O
Ne6 22. Bf3 Qd6 23. fxg7 Qxd4+ 24. Qxd4 Nxd4 25. Bxb7 Ne2+ 26. Nxe2 Rxe2 27. b4
Kxg7 28. Rf4 Rb2 29. a4 Bb1 30. Bf3 f5 31. h3 Kf6 32. Ra3 Ke5 33. Rh4 Be4 34.
Bxe4 fxe4 35. Rh5+ Kd4 36. Rxh6 Rg8 37. g4 Rc8 38. Rf6 Rc1+ 39. Rf1 Rcc2 40. Rg3
e3 41. g5 Rf2 42. Re1 Rfe2 43. Rxe2 Rxe2 44. g6 Re1+ 45. Kg2 Re2+ 46. Kf1 Rf2+
47. Ke1 Rb2 48. g7 Kd3 49. Kf1 Rb1+ 50. Kg2 Rb2+ 51. Kf3 1-0

[Event "Chess.com Classic Div 1 W"]
[Site "chess.com INT"]
[Date "2024.05.15"]
[Round "4.5"]
[White "Carlsen, Magnus"]
[Black "Firouzja, Alireza"]
[Result "0-1"]
[WhiteTitle "GM"]
[BlackTitle "GM"]
[WhiteElo "2830"]
[BlackElo "2738"]
[WhiteFideId "1503014"]
[BlackFideId "12573981"]
[EventDate "2024.05.10"]
[EventType "k.o."]

1. d4 d5 2. c4 e6 3. Nf3 Nf6 4. g3 dxc4 5. Bg2 c5 6. Qa4+ Bd7 7. Qxc4 b5 8. Qc2
Na6 9. O-O Rc8 10. a3 cxd4 11. Qd1 Nc5 12. Nxd4 e5 13. Nf3 Be6 14. Qxd8+ Rxd8
15. Nc3 Nb3 16. Rb1 Bf5 17. Nxe5 Bxb1 18. Bc6+ Ke7 19. Nxb1 Ke6 20. Nd3 Nd4 21.
Nf4+ Kf5 22. Bg2 g5 23. Bh3+ g4 24. Bg2 Bd6 25. Nc3 Rhe8 26. f3 Bxf4 27. fxg4+
Kg6 28. Bxf4 Nxe2+ 29. Nxe2 Rxe2 30. g5 Nd5 31. Bc1 Ne3 32. Bf3 Nxf1 33. Bxe2
Nd2 34. h4 a6 35. Kf2 f6 36. gxf6 Kxf6 37. g4 Ke5 38. Ke1 Ne4 39. Be3 Rc8 40.
Bd1 Rd8 41. Bc2 Rf8 42. Bd1 Nd6 43. h5 Nc4 44. Bc1 Kd4 45. Bc2 Ne3 46. Bxe3+
Kxe3 47. Bxh7 Kf4 48. Bf5 Kg5 49. Kd2 Rd8+ 50. Kc3 a5 51. b4 axb4+ 52. axb4 Rd6
53. Kb3 Rd4 54. Be6 Rd6 55. Bf5 Rd4 56. Ka3 Rd6 57. Kb2 Rd4 58. Kb3 Rd6 59. Kc3
Rd8 60. Bd3 Kxg4 0-1

[Event "Chess.com Classic Div 1 W"]
[Site "chess.com INT"]
[Date "2024.05.15"]
[Round "5.1"]
[White "Carlsen, Magnus"]
[Black "Firouzja, Alireza"]
[Result "1/2-1/2"]
[WhiteTitle "GM"]
[BlackTitle "GM"]
[WhiteElo "2830"]
[BlackElo "2738"]
[WhiteFideId "1503014"]
[BlackFideId "12573981"]
[EventDate "2024.05.10"]
[EventType "k.o."]

1. e4 e5 2. Nf3 Nc6 3. Bc4 Nf6 4. d3 Bc5 5. O-O d6 6. c3 a6 7. a4 Ba7 8. Nbd2
O-O 9. h3 Re8 10. Qb3 Rf8 11. a5 Nh5 12. Qd1 Qf6 13. Nb3 Nf4 14. Be3 Ne7 15. d4
Neg6 16. Kh2 c6 17. dxe5 Nxe5 18. Nxe5 Qxe5 19. Bxa7 Qxe4 20. f3 Qxc4 21. Be3
Nd3 22. Nd2 Qb5 23. Ne4 Nxb2 24. Qd4 Qe5+ 25. Qxe5 dxe5 26. Rfb1 Nc4 27. Bc5 Rd8
28. Rb4 Be6 29. Rxb7 h6 30. Bb6 Rdb8 31. Re7 Nxb6 32. axb6 Rxb6 33. Nc5 Bd5 34.
Rxe5 Rb5 35. Rxa6 Rd8 1/2-1/2

[Event "Chess.com Classic Div 1 W"]
[Site "chess.com INT"]
[Date "2024.05.15"]
[Round "5.2"]
[White "Firouzja, Alireza"]
[Black "Carlsen, Magnus"]
[Result "1/2-1/2"]
[WhiteTitle "GM"]
[BlackTitle "GM"]
[WhiteElo "2738"]
[BlackElo "2830"]
[WhiteFideId "12573981"]
[BlackFideId "1503014"]
[EventDate "2024.05.10"]
[EventType "k.o."]

1. e4 e5 2. Nf3 Nf6 3. d4 Nxe4 4. dxe5 d5 5. Nbd2 Qd7 6. Bd3 Nc5 7. Be2 Ne6 8.
O-O b6 9. Re1 Bb7 10. Nf1 c5 11. c3 Nc6 12. Ng3 g6 13. Bg5 Bg7 14. Bf6 O-O 15.
Qd2 Bxf6 16. exf6 Qc7 17. Bb5 Qf4 18. Qxd5 Ncd8 19. Qe5 Bxf3 20. Qxf4 Nxf4 21.
gxf3 Nde6 22. Rad1 Rad8 23. Ne4 g5 24. Bd7 h6 25. Rd6 Kh7 26. Red1 Kg6 27. Ba4
Rxd6 28. Rxd6 Rd8 29. Rxd8 Nxd8 30. Bc2 1/2-1/2

[Event "Chess.com Classic Div 1 W"]
[Site "chess.com INT"]
[Date "2024.05.15"]
[Round "5.3"]
[White "Firouzja, Alireza"]
[Black "Carlsen, Magnus"]
[Result "1-0"]
[WhiteTitle "GM"]
[BlackTitle "GM"]
[WhiteElo "2738"]
[BlackElo "2830"]
[WhiteFideId "12573981"]
[BlackFideId "1503014"]
[EventDate "2024.05.10"]
[EventType "k.o."]

1. e4 e5 2. Bc4 Nf6 3. d3 c6 4. Nf3 d5 5. Bb3 Bd6 6. Nbd2 O-O 7. O-O Re8 8. Re1
Nbd7 9. c3 Nc5 10. Bc2 dxe4 11. dxe4 Bc7 12. Qe2 Qe7 13. b4 Ne6 14. Nc4 Nf4 15.
Bxf4 exf4 16. e5 Nd5 17. h3 g6 18. Qd2 Be6 19. Nd6 Red8 20. c4 Nb6 21. c5 Nd5
22. Be4 b6 23. Nd4 Bd7 24. Bxd5 cxd5 25. Qxf4 bxc5 26. bxc5 Rab8 27. Rab1 Rxb1
28. Rxb1 Rb8 29. Rxb8+ Bxb8 30. Nf3 Bc7 31. Qb4 Bc6 32. Nc8 Qd7 33. Nxa7 Ba4 34.
Qb7 d4 35. c6 Qd8 36. Qb4 Bc2 37. Nb5 Be4 38. Nxc7 Qxc7 39. Nxd4 Qxe5 40. Qc4
Qg5 41. f3 Qe3+ 42. Kh1 1-0